000
00325nam a2200133Ia 4500
008
191201s2012 xx 000 0 und d
082
_a
620.1
_b
RAE
100
_a
RAMAMRUTHAM, S
245
0
_a
Engineering Machanics
250
_a
Rep
260
_c
2012
_b
Dhanpat Rai Pubns (P) Ltd
_a
NEW DELHI
300
_a
807
942
_2
ddc
_c
BK
999
_c
8063
_d
8063